000 00424nam a22001817a 4500
003 OSt
008 240501b |||||||| |||| 00| 0 eng d
020 _a9789389211573
082 _a620.4 DUE
100 _aDUMIR,PC
245 _aEngineering Mechanics
250 _a1st Ed
260 _aNew Delhi
_bUnivesity Press
_c2020
300 _a830
700 _aSENGUPTA.S
700 _aVEERAVALLI,Srinivas V
942 _2ddc
_cBK
999 _c12590
_d12590